Coupes d'Europe 2022/2023 - Statistiques

Statistiques générales
  • Ce quiz a été pris 31 fois
  • Le résultat moyen est 25 sur 96
Statistiques - réponses
Réponse % Correct
Bayern Munich
83%
Inter Milan
83%
Manchester City
83%
AC Milan
79%
Chelsea
75%
Liverpool
71%
Naples
71%
Real Madrid
71%
FC Barcelone
63%
Borussia Dortmund
58%
Benfica Lisbonne
54%
Porto
54%
Tottenham
54%
Atletico Madrid
50%
FC Séville
50%
Juventus Turin
50%
Club Bruges
46%
Maccabi Haïfa
46%
Paris SG
46%
AS Roma
42%
Eintracht Francfort
42%
Marseille
42%
RB Leipzig
42%
West Ham
42%
Ajax Amsterdam
38%
Glasgow Rangers
38%
Manchester United
38%
Viktoria Plzen
38%
Bayer Leverkusen
33%
FC Nantes
33%
Fiorentina
33%
FC Bâle
29%
Nice
29%
Rennes
29%
Sporting Portugal
29%
AS Monaco
25%
AZ Alkmaar
25%
Arsenal
21%
Copenhague
21%
Dinamo Zagreb
21%
RB Salzbourg
21%
Union Saint-Gilloise
21%
Chakhtior Donetsk
17%
Olympiakos
17%
Qarabag
17%
Union Berlin
17%
Anderlecht
13%
Betis Séville
13%
Celtic Glasgow
13%
Cologne
13%
Fribourg
13%
Istanbul Basaksehir
13%
La Gantoise
13%
Lech Poznan
13%
Ludogorets
13%
Real Sociedad
13%
Sheriff Tiraspol
13%
Silkeborg IF
13%
Steaua Bucarest
13%
Villarreal
13%
AEK Larnaca
8%
Apollon Limassol
8%
Austria Vienne
8%
Bodo/Glimt
8%
CFR Cluj
8%
Dynamo Kiev
8%
Etoile Rouge Belgrade
8%
FC Midtjylland
8%
FC Slovacko
8%
FC Vaduz
8%
FC Zurich
8%
Fenerbahçe
8%
Ferencvaros
8%
Feyenoord Rotterdam
8%
Hapoël Beer Sheva
8%
Heart of Midlothian
8%
HJK Helsinki
8%
KF Ballkani
8%
Lazio Rome
8%
Malmö FF
8%
Molde FK
8%
Omonia Nicosie
8%
Partizan Belgrade
8%
PSV Eindhoven
8%
Rigas FS
8%
SC Braga
8%
Shamrock Rovers
8%
Sivasspor
8%
SK Dnipro-1
8%
Slavia Prague
8%
Slovan Bratislava
8%
Sturm Graz
8%
Trabzonspor
8%
Zalgiris Vilnius
8%
Djurgardens IF
4%
Pyunik Erevan
4%
Aucun quiz correspondant
Distribution des résultats
% des personnes avec chaque résultat
Percentile par nombre de réponses
Votre historique - résultats
Vous n’avez pas pris ce quiz